000 01047nam a2200217Ia 4500
003 Ost
005 20260507075030.0
008 260507s9999||||xx |||||||||||||| ||und||
020 _a×725919977
040 _cfsecg
041 _aara
082 _a330
100 _aالخضيري، محسن أحمد
_eمؤلف
245 0 _aإدارة الأزمات /
_c محسن أحمد الخضيري
260 _aالقاهرة:
_bمجموعة النيل العربية,
_c2003
300 _a471 صفحة؛
_bإيضاحات ؛
_c24 سم
520 _aعالم الأزمات، الأسس النظرية العامة لعلم إدارة الأزمات، احتياجات التعامل مع الأزمة، التعامل مع الأزمات، نحو منهج متكامل للتعامل مع الأزمات، فريق المهام الأزموية، رسم سيناريوهات التعامل مع الأزمات، إدارة مجتمع الأزمة
653 _aالأزمات
653 _aالأزمات الإقتصادية
942 _cكتاب
999 _c42386
_d42386